000 00604nam a2200217Ia 4500
003 OSt
005 20220923221816.0
006 a|||||r|||| 00| 0
007 ta
008 220922b |||||||| |||| 00| 0 hin d
024 _a200,209
037 _cTextual
040 _aARTS
_cARTS
_bhin
041 _2hin
_ahin
082 _aQ3:N5v7
100 _aसागर, कान्ति
_9156291
245 0 _aखण्डहरों का वैभव
246 _aKhaṇḍaharoan kā vaibhava
942 _hQ3:N5v7
_cTEXL
_2CC
999 _c351881
_d351881